[Event "Rated Blitz game"]
[Site "?"]
[Date "2021.01.06"]
[Round "?"]
[White "Actehualpa"]
[Black "Kovalchuk94"]
[Result "0-1"]
[WhiteElo "2409"]
[BlackElo "2556"]
[PlyCount "86"]
[EventDate "2021.??.??"]
[EventType "blitz"]

1. e4 e5 2. Nf3 d5 3. exd5 Bd6 4. Nc3 Nf6 5. Bb5+ Nbd7 6. d4 e4 7. Ne5 O-O 8.
Nxd7 Bxd7 9. Bxd7 Nxd7 10. O-O f5 11. Nb5 Nb6 12. Nxd6 Qxd6 13. b3 Nxd5 14. c4
Nf6 15. a4 Ng4 16. g3 Rfd8 17. d5 c6 18. Bf4 Qf6 19. Bc7 Rd7 20. d6 Ne5 21. Kg2
Nf3 22. c5 h5 23. b4 h4 24. b5 Qh6 25. Qc1 Qh5 26. h3 Ne5 27. Qf4 Nd3 28. Qxh4
Qf3+ 29. Kh2 Nxc5 30. bxc6 bxc6 31. Qf4 Qxf4 32. gxf4 Ne6 33. Kg3 Nxc7 34. dxc7
Rxc7 35. Rac1 c5 36. Rfd1 c4 37. Rd5 g6 38. a5 c3 39. h4 c2 40. h5 Rb8 41. Rd2
Rb3+ 42. Kh4 Rb1 43. Rcxc2 Rh1+ {Time forfeit} 0-1

[Event "Rated Blitz game"]
[Site "?"]
[Date "2021.01.06"]
[Round "?"]
[White "cyrilortega62"]
[Black "Kovalchuk94"]
[Result "0-1"]
[WhiteElo "2459"]
[BlackElo "2530"]
[PlyCount "50"]
[EventDate "2021.??.??"]
[EventType "blitz"]

1. e4 e5 2. Nf3 d5 3. exd5 Bd6 4. Nc3 Nf6 5. Ng5 O-O 6. d3 Nbd7 7. Ke2 Nb6 8.
Nge4 Nbxd5 9. Nxd6 Nxc3+ 10. bxc3 Qxd6 11. f3 Nd5 12. Bd2 Qc5 13. c4 Nf4+ 14.
Ke1 Re8 15. g3 Ne6 16. c3 Bd7 17. Bg2 Bc6 18. Qb3 Rad8 19. Qc2 Rd7 20. Rc1 Red8
21. Ke2 b5 22. Rhd1 bxc4 23. Be3 cxd3+ 24. Rxd3 Qc4 25. Rcd1 Bb5 {Normal} 0-1

[Event "Rated Blitz game"]
[Site "?"]
[Date "2021.01.06"]
[Round "?"]
[White "Quaritch79"]
[Black "Kovalchuk94"]
[Result "0-1"]
[WhiteElo "2402"]
[BlackElo "2563"]
[PlyCount "64"]
[EventDate "2021.??.??"]
[EventType "blitz"]

1. e4 e5 2. Nf3 d5 3. exd5 Bd6 4. c4 e4 5. Nd4 Nf6 6. Nc3 O-O 7. Be2 Re8 8. O-O
c5 9. Ndb5 Be5 10. d3 exd3 11. Bxd3 a6 12. Na3 Bg4 13. Qc2 Nbd7 14. Bg5 Qc7 15.
h3 Bh5 16. Rae1 h6 17. Bd2 Bd4 18. Ne4 Nxe4 19. Rxe4 Rxe4 20. Bxe4 Nf6 21. Bd3
Qg3 22. Kh1 Bxf2 23. Bc3 Ng4 24. Be5 Nxe5 25. Bh7+ Kh8 26. Rxf2 g6 27. Qd2 Kxh7
28. Nc2 Re8 29. Ne3 f5 30. Nxf5 gxf5 31. Rxf5 Bg6 32. Rf6 Nxc4 {Normal} 0-1

[Event "Rated Blitz game"]
[Site "?"]
[Date "2021.01.06"]
[Round "?"]
[White "Sprockel"]
[Black "geptil"]
[Result "1-0"]
[WhiteElo "2438"]
[BlackElo "2376"]
[PlyCount "65"]
[EventDate "2021.??.??"]
[EventType "blitz"]

1. e4 e5 2. Nf3 d5 3. Nxe5 Bd6 4. d4 dxe4 5. Nc4 Nf6 6. Bg5 O-O 7. Be2 Nc6 8.
c3 Be7 9. O-O Nd5 10. Bxe7 Ncxe7 11. Ne3 f5 12. Bc4 c6 13. Nd2 Kh8 14. Nxd5
cxd5 15. Bb3 f4 16. Qh5 Rf5 17. Qh4 Qf8 18. c4 Ng6 19. Qg4 f3 20. g3 e3 21.
fxe3 f2+ 22. Kg2 Qf7 23. Qe2 Nh4+ 24. gxh4 Bd7 25. Rxf2 Rf8 26. Raf1 Qg6+ 27.
Kh1 dxc4 28. Bxc4 Bc6+ 29. d5 Bd7 30. e4 Rxf2 31. Rxf2 Rxf2 32. Qxf2 Qg4 33.
Qf8# {Normal} 1-0

[Event "Rated Blitz game"]
[Site "?"]
[Date "2021.01.06"]
[Round "?"]
[White "JoeAssaad"]
[Black "Kovalchuk94"]
[Result "0-1"]
[WhiteElo "2497"]
[BlackElo "2533"]
[PlyCount "40"]
[EventDate "2021.??.??"]
[EventType "blitz"]

1. e4 e5 2. Nf3 d5 3. Nxe5 Bd6 4. d4 dxe4 5. Nc4 Nf6 6. Nc3 O-O 7. Bg5 Re8 8.
Be2 Nc6 9. a3 h6 10. Bh4 Bf5 11. Qd2 Be7 12. O-O-O Nd5 13. Bxe7 Ncxe7 14. Nxd5
Nxd5 15. g4 Bh7 16. Ne5 f6 17. Nc4 Qe7 18. h4 e3 19. fxe3 Nxe3 20. Rde1 Nxc2 {
Normal} 0-1

[Event "Rated Blitz tournament ZpgFd94O"]
[Site "?"]
[Date "2021.01.06"]
[Round "?"]
[White "Muhammad_Al-Fatih"]
[Black "Gendut_BKD"]
[Result "1-0"]
[WhiteElo "2419"]
[BlackElo "2338"]
[PlyCount "33"]
[EventDate "2021.??.??"]
[EventType "blitz"]

1. e4 e5 2. Nf3 d5 3. exd5 e4 4. Qe2 Be7 5. Qxe4 Nf6 6. Qa4+ Nbd7 7. d4 O-O 8.
Bd3 Nb6 9. Qb3 Nbxd5 10. O-O Nb4 11. Bc4 Bf5 12. Na3 a5 13. Ne5 a4 14. Bxf7+
Kh8 15. Qf3 Bxc2 16. Nxc2 Nxc2 17. Qh3 {Normal} 1-0

[Event "Rated Blitz game"]
[Site "?"]
[Date "2021.01.06"]
[Round "?"]
[White "ElhachaGM"]
[Black "Fantastic_power06"]
[Result "0-1"]
[WhiteElo "2558"]
[BlackElo "2637"]
[PlyCount "150"]
[EventDate "2021.??.??"]
[EventType "blitz"]

1. e4 e5 2. Nf3 d5 3. exd5 e4 4. Qe2 Nf6 5. Nc3 Be7 6. Nxe4 O-O 7. Nxf6+ Bxf6
8. d4 Qxd5 9. Be3 Bg4 10. c3 Re8 11. h3 Bh5 12. Qb5 Qxb5 13. Bxb5 c6 14. Be2
Nd7 15. O-O Nb6 16. Rfe1 Nd5 17. Bd2 Re7 18. g4 Rae8 19. gxh5 Rxe2 20. Rxe2
Rxe2 21. Re1 Rxe1+ 22. Nxe1 Nb6 23. Nd3 Kf8 24. Kg2 Nc4 25. Bf4 Ke8 26. Kf3 Kd7
27. Ne5+ Bxe5 28. Bxe5 f6 29. h6 g6 30. Bxf6 Nxb2 31. Ke4 Ke6 32. Bh4 Nc4 33.
Kd3 Nd6 34. Bg3 Nf5 35. Bf4 Ne7 36. c4 b6 37. Ke4 b5 38. cxb5 cxb5 39. Bd2 Nd5
40. a3 Nf6+ 41. Kd3 Kd5 42. f3 Nd7 43. h4 Nf8 44. f4 Ne6 45. Be3 a5 46. h5 gxh5
47. f5 Nd8 48. f6 h4 49. Bf4 h3 50. Bh2 Nf7 51. Ke3 Nxh6 52. Kf3 b4 53. axb4
axb4 54. Ke2 Kxd4 55. Kd2 b3 56. Bg1+ Kc4 57. Bh2 Nf7 58. Kc1 Kc3 59. Kb1 b2
60. Bg3 Kb3 61. Bh2 h5 62. Bg3 h4 63. Bh2 Kc3 64. Bf4 Kd3 65. Kxb2 Ke4 66. Bh2
Kf3 67. Kc3 Kg2 68. Bd6 h2 69. Bc7 h1=Q 70. Bh2 Qf1 71. Bd6 Qf3+ 72. Kd4 h3 73.
Kc5 Qxf6 74. Bh2 Qf3 75. Bd6 Qc3+ {Time forfeit} 0-1

[Event "Rated Blitz game"]
[Site "?"]
[Date "2021.01.06"]
[Round "?"]
[White "Nygren"]
[Black "Arrubarena"]
[Result "0-1"]
[WhiteElo "2450"]
[BlackElo "2475"]
[PlyCount "138"]
[EventDate "2021.??.??"]
[EventType "blitz"]

1. e4 e5 2. Nf3 d5 3. d4 dxe4 4. Nxe5 Bd6 5. Nc4 Nf6 6. Nc3 O-O 7. Bg5 Re8 8.
Be2 Nc6 9. Ne3 h6 10. Bh4 Bb4 11. a3 Ba5 12. b4 Bb6 13. d5 Ne5 14. Bg3 Ng6 15.
O-O a5 16. d6 axb4 17. axb4 Rxa1 18. Qxa1 cxd6 19. Nb5 d5 20. Rd1 Be6 21. Nd6
Re7 22. c4 Bxe3 23. fxe3 Qb6 24. Qc3 dxc4 25. Nxc4 Qa6 26. Rd8+ Kh7 27. h4 h5
28. Qc2 Qa1+ 29. Rd1 Qa7 30. Rd4 Bg4 31. Bd6 Re6 32. Bc5 Qa1+ 33. Bf1 Ne5 34.
Nd6 Qe1 35. Nxe4 Nxe4 36. Qxe4+ f5 37. Qf4 Qxh4 38. Rd6 Ng6 39. Qh2 Qxh2+ 40.
Kxh2 Rxd6 41. Bxd6 Kg8 42. Bc4+ Kh7 43. Bd5 h4 44. e4 f4 45. e5 Bf5 46. Be4
Bxe4 47. e6 Bc6 48. e7 Be8 49. b5 Kh6 50. Bxf4+ Nxf4 51. g3 hxg3+ 52. Kxg3 Nd3
53. Kf3 Nc5 54. Kf4 Nd7 55. Kf5 g6+ 56. Ke6 Kg7 57. Kd6 Kf7 58. Kc7 Kxe7 59.
Kxb7 Kd6 60. Ka7 Nc5 61. b6 Kc6 62. b7 Nxb7 63. Kb8 Nc5 64. Kc8 g5 65. Kd8 g4
66. Ke7 g3 67. Kd8 g2 68. Kc8 g1=Q 69. Kb8 Qd4 {Time forfeit} 0-1

[Event "Rated Blitz game"]
[Site "?"]
[Date "2021.01.06"]
[Round "?"]
[White "Hexe456"]
[Black "vrencianLehel"]
[Result "1/2-1/2"]
[WhiteElo "2312"]
[BlackElo "2423"]
[PlyCount "144"]
[EventDate "2021.??.??"]
[EventType "blitz"]

1. e4 e5 2. Nf3 d5 3. exd5 Bd6 4. Bb5+ c6 5. dxc6 Nxc6 6. d3 Nf6 7. O-O O-O 8.
Bg5 Bg4 9. Bxc6 bxc6 10. Nbd2 Rb8 11. b3 h6 12. Bxf6 Qxf6 13. Ne4 Qe7 14. Nxd6
Qxd6 15. Re1 Rfe8 16. h3 Bh5 17. g4 Bg6 18. Nh4 Bh7 19. Qf3 Rb4 20. c4 Rbb8 21.
Rad1 Rbd8 22. Nf5 Qf6 23. d4 Bxf5 24. Qxf5 Qxf5 25. gxf5 exd4 26. Rxe8+ Rxe8
27. Rxd4 Re5 28. Rd8+ Kh7 29. Rd7 Rxf5 30. Rxa7 Kg6 31. b4 Rf4 32. Rb7 Rxc4 33.
a4 c5 34. Rb6+ Kh7 35. bxc5 Rxc5 36. Rb5 Rc4 37. a5 Ra4 38. Kg2 g5 39. Kf3 Kg6
40. Ke3 f6 41. Kd2 Ra2+ 42. Kc3 Rxf2 43. Kb4 Ra2 44. Kb3 Ra1 45. Kb2 Ra4 46.
Kb3 Rh4 47. a6 Rxh3+ 48. Kb4 Rh1 49. a7 Rb1+ 50. Ka5 Ra1+ 51. Kb6 Rxa7 52. Kxa7
g4 53. Kb6 g3 54. Kc5 h5 55. Kd4 g2 56. Rb1 Kf5 57. Ke3 Kg4 58. Kf2 h4 59. Kxg2
f5 60. Rb4+ f4 61. Kh2 h3 62. Rb3 f3 63. Rb4+ Kf5 64. Kxh3 f2 65. Kg2 f1=Q+ 66.
Kxf1 Ke5 67. Ke2 Kd5 68. Kd3 Kc5 69. Rh4 Kd5 70. Rh5+ Ke6 71. Kd4 Kf6 72. Ra5
Ke6 {Time forfeit} 1/2-1/2

[Event "Rated Blitz game"]
[Site "?"]
[Date "2021.01.06"]
[Round "?"]
[White "dunduks"]
[Black "kassisov"]
[Result "1-0"]
[WhiteElo "2284"]
[BlackElo "2410"]
[PlyCount "73"]
[EventDate "2021.??.??"]
[EventType "blitz"]

1. e4 e5 2. Nf3 d5 3. Nxe5 dxe4 4. Bc4 Qg5 5. Bxf7+ Ke7 6. O-O Qxe5 7. Bxg8
Rxg8 8. d4 Qf6 9. Nc3 Kd8 10. Nxe4 Qg6 11. Bg5+ Be7 12. Bxe7+ Kxe7 13. Re1 Kd8
14. c4 Bf5 15. Ng3 Bg4 16. Qb3 b6 17. c5 Re8 18. Qd5+ Kc8 19. Qxa8 Rd8 20. Qe4
Qg5 21. h3 Bd7 22. Rac1 Bc6 23. Qf5+ Qxf5 24. Nxf5 Kb7 25. Re7 g6 26. Ne3 Rxd4
27. cxb6 axb6 28. Rxh7 Rd2 29. Rc2 Rd3 30. Rg7 Nd7 31. Rxg6 Nc5 32. Rxc6 Kxc6
33. b4 Kb5 34. bxc5 bxc5 35. h4 Rd4 36. g4 Rd8 37. Kg2 {Normal} 1-0

[Event "Rated Blitz game"]
[Site "?"]
[Date "2021.01.06"]
[Round "?"]
[White "Gettingold72"]
[Black "Schachtrainer-Schuh"]
[Result "1/2-1/2"]
[WhiteElo "2612"]
[BlackElo "2518"]
[PlyCount "106"]
[EventDate "2021.??.??"]
[EventType "blitz"]

1. e4 e5 2. Nf3 d5 3. exd5 e4 4. Qe2 Nf6 5. d3 Qxd5 6. Nbd2 Be7 7. dxe4 Qe6 8.
e5 Nd5 9. Ne4 O-O 10. Neg5 Qg6 11. Qe4 Qxe4+ 12. Nxe4 Nb4 13. Bd3 Nxd3+ 14.
cxd3 Nc6 15. Bf4 Bg4 16. Rc1 Bxf3 17. gxf3 Rfd8 18. Rxc6 bxc6 19. Ke2 Rab8 20.
b3 Ba3 21. Be3 a6 22. Bc5 Bxc5 23. Nxc5 Rb5 24. Rc1 Rd5 25. Nxa6 Rxe5+ 26. Kf1
Rb6 27. Nc5 Rh5 28. Kg2 h6 29. a4 Rxc5 30. Rxc5 Rxb3 31. Rxc6 Rxd3 32. Rxc7 Ra3
33. Ra7 g6 34. h4 h5 35. Kg3 Ra2 36. f4 Ra3+ 37. f3 Kg7 38. f5 gxf5 39. Kf4 Kg6
40. Ra8 Ra1 41. Ke5 Rh1 42. a5 Rxh4 43. a6 Ra4 44. a7 Kg7 45. Kxf5 h4 46. Rb8
Rxa7 47. Kg4 Ra4+ 48. f4 Kg6 49. Rb3 f5+ 50. Kxh4 Rxf4+ 51. Kg3 Rg4+ 52. Kf3
Kg5 53. Rb5 Rf4+ {Normal} 1/2-1/2

[Event "Rated Blitz tournament O2Y1orLz"]
[Site "?"]
[Date "2021.01.06"]
[Round "?"]
[White "NEKI_NOVI_KLINAC"]
[Black "Aduna"]
[Result "1-0"]
[WhiteElo "2408"]
[BlackElo "2296"]
[PlyCount "75"]
[EventDate "2021.??.??"]
[EventType "blitz"]

1. e4 e5 2. Nf3 d5 3. exd5 e4 4. Nd4 Qxd5 5. Nb3 Bd6 6. Nc3 Qe5 7. Bc4 Nf6 8.
Qe2 Bg4 9. f3 exf3 10. Qxe5+ Bxe5 11. gxf3 Bxf3 12. O-O Bxc3 13. dxc3 Bd5 14.
Re1+ Kd7 15. Bxd5 Nxd5 16. Rd1 Ke6 17. Nc5+ Kd6 18. Nxb7+ Kc6 19. Na5+ Kc5 20.
b4+ Nxb4 21. cxb4+ Kxb4 22. Nb3 Nc6 23. a4 Rad8 24. Ba3+ Kc3 25. Rf1 Kxc2 26.
Nc5 f6 27. Rac1+ Kd2 28. Ne4+ Ke3 29. Rfe1+ Kf4 30. Rxc6 Rhe8 31. Bc1+ Kg4 32.
Nf2+ Kf5 33. Rxe8 Rxe8 34. Kg2 a5 35. Rxc7 Re5 36. Rxg7 h5 37. Rh7 Kg6 38. Ra7
{Normal} 1-0

[Event "Rated Blitz game"]
[Site "?"]
[Date "2021.01.06"]
[Round "?"]
[White "sajmor76"]
[Black "dozer01"]
[Result "1-0"]
[WhiteElo "2449"]
[BlackElo "2555"]
[PlyCount "115"]
[EventDate "2021.??.??"]
[EventType "blitz"]

1. e4 e5 2. Nf3 d5 3. Nxe5 Bd6 4. d4 dxe4 5. Nc3 Nf6 6. Nc4 O-O 7. Be2 h6 8.
O-O Re8 9. Nxd6 cxd6 10. d5 Nbd7 11. b3 a6 12. Bb2 b5 13. Qd4 Bb7 14. f3 Qb6
15. Nxe4 Nxe4 16. fxe4 Rxe4 17. Qxb6 Nxb6 18. Bf3 Rf4 19. Rad1 Rc8 20. Rd2 Rc5
21. Rfd1 Nd7 22. Bd4 Rc8 23. Be3 Rf6 24. Bg4 Rc7 25. Bd4 Rg6 26. Bf3 Nf6 27.
Re1 Bxd5 28. Bxd5 Nxd5 29. Bxg7 Nb4 30. Bd4 Re6 31. Rxe6 fxe6 32. c3 Nd5 33.
Rd3 Kf7 34. Kf2 Kg6 35. Ke1 Kf5 36. Kd2 e5 37. Bf2 Ke6 38. Rh3 Rf7 39. Be1 Rf6
40. Bh4 Rg6 41. Rg3 Rxg3 42. Bxg3 Kf5 43. c4 bxc4 44. bxc4 Nf6 45. Bf2 Ne4+ 46.
Ke2 Nxf2 47. Kxf2 Ke4 48. g4 Kf4 49. h3 e4 50. Ke2 e3 51. a3 Kg3 52. Kxe3 Kxh3
53. Kf4 Kh4 54. Kf5 a5 55. a4 Kg3 56. g5 hxg5 57. Kxg5 Kf3 58. Kf5 {Time
forfeit} 1-0

[Event "Rated Blitz game"]
[Site "?"]
[Date "2021.01.05"]
[Round "?"]
[White "cyrilortega62"]
[Black "geptil"]
[Result "1-0"]
[WhiteElo "2471"]
[BlackElo "2371"]
[PlyCount "59"]
[EventDate "2021.??.??"]
[EventType "blitz"]

1. e4 e5 2. Nf3 d5 3. exd5 e4 4. Ne5 Bd6 5. d4 Nf6 6. Nc3 O-O 7. Bg5 h6 8. Bxf6
gxf6 9. Nxe4 fxe5 10. Qh5 Kg7 11. dxe5 Be7 12. O-O-O Bg5+ 13. Kb1 Bf5 14. Bd3
Bg6 15. Qe2 Nd7 16. h4 Bxh4 17. g3 Be7 18. f4 f5 19. exf6+ Nxf6 20. g4 Nxe4 21.
Bxe4 Rxf4 22. Bxg6 Kxg6 23. Qe6+ Rf6 24. Qe4+ Kg7 25. g5 Rd6 26. Qe5+ Bf6 27.
gxf6+ Qxf6 28. Rdg1+ Kf7 29. Qe4 Re8 30. Qh7+ {Normal} 1-0

[Event "Rated Blitz tournament GK9GOOCm"]
[Site "?"]
[Date "2021.01.05"]
[Round "?"]
[White "JewellRoque17"]
[Black "ARP143"]
[Result "0-1"]
[WhiteElo "2418"]
[BlackElo "2470"]
[PlyCount "38"]
[EventDate "2021.??.??"]
[EventType "blitz"]

1. e4 e5 2. Nf3 d5 3. d3 Nc6 4. c3 f5 5. Qc2 Nf6 6. Bg5 dxe4 7. Bxf6 Qxf6 8.
dxe4 Bc5 9. Nbd2 O-O 10. Bc4+ Kh8 11. h4 a6 12. a4 h6 13. h5 Be6 14. b4 Bb6 15.
Qb3 Bxc4 16. Qxc4 Rad8 17. Nh4 Bxf2+ 18. Ke2 Bxh4 19. Raf1 Qg5 {Normal} 0-1

[Event "Rated Rapid game"]
[Site "?"]
[Date "2021.01.05"]
[Round "?"]
[White "ACT254"]
[Black "vitalirapid83"]
[Result "0-1"]
[WhiteElo "2402"]
[BlackElo "2261"]
[PlyCount "38"]
[EventDate "2021.??.??"]
[EventType "rapid"]

1. e4 e5 2. Nf3 d5 3. exd5 e4 4. Qe2 Be7 5. Qxe4 Nf6 6. Qa4+ c6 7. dxc6 O-O 8.
Be2 Nxc6 9. O-O Bc5 10. d4 Nxd4 11. Nxd4 Bxd4 12. Rd1 Bxf2+ 13. Kxf2 Qb6+ 14.
Qd4 Qc7 15. Nc3 Qxh2 16. Bf4 Qh4+ 17. Bg3 Qg5 18. Qe5 Bf5 19. Bd3 Ng4+ {Normal}
0-1

[Event "Rated Blitz game"]
[Site "?"]
[Date "2021.01.05"]
[Round "?"]
[White "Magners"]
[Black "BaronBananenschnabel"]
[Result "0-1"]
[WhiteElo "2529"]
[BlackElo "2353"]
[PlyCount "108"]
[EventDate "2021.??.??"]
[EventType "blitz"]

1. e4 e5 2. Nf3 d5 3. exd5 Bd6 4. d4 e4 5. Ne5 Nf6 6. c4 c5 7. dxc6 Nxc6 8.
Nxc6 bxc6 9. Nc3 Rb8 10. Qc2 Bc7 11. Bg5 Qxd4 12. Rd1 Qe5 13. Bxf6 Qxf6 14.
Qxe4+ Be5 15. Bd3 g6 16. O-O O-O 17. Na4 Bd4 18. a3 c5 19. b4 Bb7 20. Qg4 h5
21. Qg3 h4 22. Qg4 Bc8 23. Qe2 h3 24. Nxc5 hxg2 25. Kxg2 Qh4 26. Kh1 Bg4 27. f3
Rfe8 28. Be4 Bh3 29. Rxd4 Bxf1 30. Qxf1 Kg7 31. Rd7 Rbc8 32. Bd5 Re1 33. Rxf7+
Kh8 34. Qxe1 Qxe1+ 35. Kg2 Qe2+ 36. Kg1 Qd1+ 37. Kg2 Qd2+ 38. Kg1 Qc1+ 39. Kg2
Qxa3 40. Ne4 Qb2+ 41. Kg3 Qe5+ 42. f4 Qd4 43. Ng5 Qg1+ 44. Kh3 Qf1+ 45. Kg4
Qg1+ 46. Kf3 Qf1+ 47. Ke3 Re8+ 48. Kd4 Qf2+ 49. Kd3 Re3+ 50. Kd4 Re1+ 51. Kc3
Qe3+ 52. Kc2 Re2+ 53. Kd1 Qd3+ 54. Kc1 Qc2# {Normal} 0-1

[Event "Rated Blitz game"]
[Site "?"]
[Date "2021.01.05"]
[Round "?"]
[White "mazetofonias"]
[Black "Jomajo"]
[Result "1-0"]
[WhiteElo "2508"]
[BlackElo "2572"]
[PlyCount "59"]
[EventDate "2021.??.??"]
[EventType "blitz"]

1. e4 e5 2. Nf3 d5 3. Nxe5 Bd6 4. d4 dxe4 5. Bf4 Nc6 6. Nxc6 bxc6 7. Be3 Nf6 8.
Bc4 O-O 9. O-O Ng4 10. h3 Nxe3 11. fxe3 Qg5 12. Qe1 Bxh3 13. Rf2 Be6 14. Nd2
Qg6 15. Qe2 Bg3 16. Bxe6 Bxf2+ 17. Qxf2 Qxe6 18. Qh4 f5 19. Rf1 c5 20. Nb3 cxd4
21. Nxd4 Qf6 22. Qg3 c5 23. Nxf5 Kh8 24. Rf4 Qxb2 25. Qg4 g6 26. Nd6 Qc1+ 27.
Kh2 Qxe3 28. Nf7+ Kg7 29. Qg5 Rae8 30. Qf6+ {Normal} 1-0

[Event "Rated Blitz tournament wt8Mi5iO"]
[Site "?"]
[Date "2021.01.05"]
[Round "?"]
[White "black_knight22"]
[Black "khalid_ontawar"]
[Result "1-0"]
[WhiteElo "2714"]
[BlackElo "2201"]
[PlyCount "57"]
[EventDate "2021.??.??"]
[EventType "blitz"]

1. e4 e5 2. Nf3 d5 3. exd5 e4 4. Ne5 Qxd5 5. d4 exd3 6. Nxd3 Qe6+ 7. Be2 Bd6 8.
O-O Ne7 9. Nf4 Bxf4 10. Bxf4 c6 11. Re1 O-O 12. Bd3 Qf6 13. Be5 Qh6 14. Bxb8
Rxb8 15. Rxe7 Be6 16. Qf3 Qg5 17. Rxe6 fxe6 18. Qe3 Qf6 19. Nc3 b5 20. Re1 b4
21. Na4 Rfe8 22. Qe4 g6 23. b3 Kg7 24. Nc5 Rf8 25. Nxe6+ Kh6 26. Nxf8 Rxf8 27.
Qe3+ g5 28. Qe6 Re8 29. Qxf6+ {Normal} 1-0

[Event "Rated Blitz game"]
[Site "?"]
[Date "2021.01.05"]
[Round "?"]
[White "RSUPE_MiRacLe"]
[Black "Kovalchuk94"]
[Result "1-0"]
[WhiteElo "2624"]
[BlackElo "2553"]
[PlyCount "141"]
[EventDate "2021.??.??"]
[EventType "blitz"]

1. e4 e5 2. Nf3 d5 3. exd5 Bd6 4. Nc3 Nf6 5. d3 h6 6. Be2 Nbd7 7. O-O Nb6 8. d4
e4 9. Nd2 Bf5 10. Bb5+ Kf8 11. h3 a6 12. Be2 Nbxd5 13. Nxd5 Nxd5 14. Nc4 Nf4
15. Bg4 Bg6 16. Nxd6 Qxd6 17. c4 Nd3 18. Be3 f5 19. Bh5 f4 20. Bd2 f3 21. Bxg6
Qxg6 22. g3 h5 23. Re1 h4 24. g4 Nxe1 25. Qxe1 Re8 26. d5 Kg8 27. Qe3 Rh6 28.
Re1 b5 29. Qc5 Qb6 30. Qa3 Rf6 31. c5 Qb7 32. Qb3 Kh8 33. Bg5 Rg6 34. Bxh4 Qc8
35. Bg3 Qd7 36. c6 Qf7 37. d6 Qxb3 38. axb3 cxd6 39. Rd1 d5 40. c7 e3 41. fxe3
Rc6 42. Kf2 Rc2+ 43. Kxf3 Rc8 44. Bf4 Kh7 45. g5 Rxb2 46. Rxd5 Rc2 47. Rd8
R2xc7 48. Bxc7 Rxc7 49. Rd4 Rc6 50. Rh4+ Kg6 51. Rf4 Kxg5 52. h4+ Kg6 53. Rg4+
Kf6 54. Rf4+ Ke7 55. Re4+ Kd7 56. Rf4 Kc7 57. Rg4 Kb6 58. Rxg7 Ka5 59. Rg5 Kb4
60. Rg4+ Kxb3 61. Rf4 a5 62. Re4 a4 63. Rf4 a3 64. Re4 a2 65. Rd4 a1=Q 66. Rc4
Qc3 67. Rb4+ Qxb4 68. Kg3 Qc4 69. h5 Re6 70. Kh3 Rxe3+ 71. Kh2 {Time forfeit}
1-0

[Event "Rated Rapid game"]
[Site "?"]
[Date "2021.01.05"]
[Round "?"]
[White "marcoebasta"]
[Black "bcnv"]
[Result "1/2-1/2"]
[WhiteElo "2307"]
[BlackElo "2403"]
[PlyCount "115"]
[EventDate "2021.??.??"]
[EventType "rapid"]

1. e4 e5 2. Nf3 d5 3. Nxe5 Bd6 4. d4 dxe4 5. Nc4 Nf6 6. Nxd6+ Qxd6 7. c4 Nc6 8.
d5 Ne5 9. Nc3 Bg4 10. Qd4 O-O 11. h3 Bh5 12. Bf4 Nf3+ 13. gxf3 Qxf4 14. fxe4
Bg6 15. Bg2 Rfe8 16. O-O Nd7 17. Rfe1 Ne5 18. Re3 b6 19. Ne2 Qh4 20. Ng3 Rad8
21. Rf1 c5 22. Qc3 f6 23. f4 Nf7 24. Nf5 Bxf5 25. exf5 Nd6 26. Rfe1 Qxf4 27.
Rxe8+ Rxe8 28. Rxe8+ Nxe8 29. Qe1 Qe5 30. Qxe5 fxe5 31. Kf2 Nd6 32. b3 Nxf5 33.
Be4 Nd6 34. Bf3 Kf7 35. Kg3 Kf6 36. Kg4 Nf5 37. Be4 g6 38. Bxf5 gxf5+ 39. Kf3
h5 40. h4 Ke7 41. Ke3 Kd6 42. Kf3 a6 43. a4 b5 44. a5 bxc4 45. bxc4 e4+ 46. Kf4
Ke7 47. Ke3 Kf6 48. Kf4 Kg6 49. Ke3 Kf7 50. Kf4 Kf6 51. Ke3 Ke5 52. Ke2 f4 53.
Kf2 e3+ 54. Kf3 Kf5 55. Ke2 Ke5 56. Kf3 Kf5 57. Ke2 Ke5 58. Kf3 {Normal}
1/2-1/2

[Event "Rated Blitz game"]
[Site "?"]
[Date "2021.01.05"]
[Round "?"]
[White "Damchess123"]
[Black "Jomajo"]
[Result "1-0"]
[WhiteElo "2385"]
[BlackElo "2572"]
[PlyCount "109"]
[EventDate "2021.??.??"]
[EventType "blitz"]

1. e4 e5 2. Nf3 d5 3. exd5 e4 4. Qe2 Qe7 5. Nd4 Qe5 6. Nb5 a6 7. d4 Qe7 8. N5c3
f5 9. g4 c6 10. gxf5 Bxf5 11. Bg2 Nf6 12. Bg5 Nbd7 13. dxc6 bxc6 14. Nd2 Kf7
15. Ncxe4 Re8 16. O-O h6 17. Bxf6 Nxf6 18. Rfe1 Qd7 19. Qxa6 Nd5 20. Ng3 Bd6
21. Nxf5 Qxf5 22. Qxc6 Nf4 23. Qxd6 Qg4 24. Qc7+ Kg6 25. Qc6+ Kh5 26. Qf3 Rd8
27. Qxg4+ Kxg4 28. c3 Nd3 29. Re4+ Kf5 30. Bh3+ Kf6 31. Nc4 Rhe8 32. Re3 Nf4
33. Bf1 Rb8 34. b4 Nd5 35. Rf3+ Kg5 36. Ne5 Nf4 37. Re1 Rbc8 38. Re4 Rf8 39.
Rg3+ Kf5 40. Rxf4+ Kxf4 41. Bh3 Ke4 42. a4 Ra8 43. a5 Kf4 44. Rg4+ Kf5 45.
Rxg7+ Kf6 46. Rg6+ Ke7 47. Rg7+ Kf6 48. Rg6+ Ke7 49. Rxh6 Rg8+ 50. Kf1 Rg7 51.
Nc6+ Ke8 52. d5 Kf7 53. Be6+ Kf8 54. Rh8+ Rg8 55. Rxg8# {Normal} 1-0

[Event "Rated Rapid game"]
[Site "?"]
[Date "2021.01.05"]
[Round "?"]
[White "Sammeister"]
[Black "vitalirapid83"]
[Result "1-0"]
[WhiteElo "2409"]
[BlackElo "2305"]
[PlyCount "99"]
[EventDate "2021.??.??"]
[EventType "rapid"]

1. e4 e5 2. Nf3 d5 3. Nxe5 dxe4 4. d4 Nd7 5. Nxd7 Bxd7 6. Bc4 Nf6 7. O-O Bd6 8.
Re1 O-O 9. Bg5 h6 10. Bh4 g5 11. Bg3 Bxg3 12. hxg3 Re8 13. c3 c5 14. Qb3 Re7
15. Nd2 cxd4 16. cxd4 Bc6 17. Rad1 Qd7 18. d5 Ba4 19. Qc3 Qd6 20. b3 Bd7 21.
Qd4 b5 22. Be2 Rae8 23. Nb1 a5 24. Nc3 b4 25. Nb5 Bxb5 26. Bxb5 Rd8 27. Bc4 Re5
28. f3 Rde8 29. f4 R5e7 30. Qe3 Ng4 31. Qe2 h5 32. Rf1 Kg7 33. Bb5 Rc8 34. Bc6
Qc5+ 35. Kh1 e3 36. f5 Rxc6 37. dxc6 Qxc6 38. Kg1 Qc7 39. Qf3 e2 40. f6+ Kg8
41. fxe7 Qxe7 42. Rde1 exf1=Q+ 43. Rxf1 Qa7+ 44. Kh1 Kg7 45. Qf5 f6 46. Qf3 Qe7
47. Qd3 Qe5 48. Qd7+ Kh6 49. Qf5 Qb2 50. Qxa5 {Time forfeit} 1-0

[Event "Rated Blitz game"]
[Site "?"]
[Date "2021.01.05"]
[Round "?"]
[White "chadi_chess"]
[Black "Kovalchuk94"]
[Result "0-1"]
[WhiteElo "2356"]
[BlackElo "2532"]
[PlyCount "52"]
[EventDate "2021.??.??"]
[EventType "blitz"]

1. e4 e5 2. Nf3 d5 3. exd5 Bd6 4. d3 Nf6 5. Be2 Nxd5 6. O-O O-O 7. c4 Nf4 8.
Nc3 Nxe2+ 9. Qxe2 Nc6 10. a3 Bg4 11. Be3 f5 12. h3 Bh5 13. Nd5 e4 14. dxe4 fxe4
15. c5 exf3 16. Qc4 Ne5 17. Qb3 fxg2 18. Kxg2 Bf3+ 19. Kg1 Kh8 20. cxd6 Qxd6
21. Nf4 Bc6 22. Rad1 Nf3+ 23. Kh1 Nd2+ 24. Kg1 Nxb3 25. Rxd6 cxd6 26. Ne6 Rf6 {
Normal} 0-1

[Event "Rated Blitz game"]
[Site "?"]
[Date "2021.01.05"]
[Round "?"]
[White "elchechereche"]
[Black "Jomajo"]
[Result "1-0"]
[WhiteElo "2517"]
[BlackElo "2584"]
[PlyCount "135"]
[EventDate "2021.??.??"]
[EventType "blitz"]

1. e4 e5 2. Nf3 d5 3. d4 dxe4 4. Nxe5 Bd6 5. Nc4 Nf6 6. Nxd6+ Qxd6 7. c4 O-O 8.
Be2 Nc6 9. Be3 Rd8 10. d5 Ne5 11. O-O Neg4 12. g3 Qe5 13. Nc3 Qh5 14. h4 Qf5
15. Bg5 Re8 16. Qd4 Ne5 17. Bxf6 Nf3+ 18. Bxf3 exf3 19. Rfe1 Bd7 20. g4 Qxf6
21. Qxf6 gxf6 22. Ne4 Kg7 23. g5 fxg5 24. Nxg5 Bg4 25. Kh2 h6 26. Ne4 b6 27.
Kg3 h5 28. Rad1 Rad8 29. Nc3 a6 30. Kf4 Kg6 31. Re3 Rxe3 32. Kxe3 Re8+ 33. Kf4
Bd7 34. d6 c6 35. Ne4 f6 36. Rg1+ Kf7 37. c5 bxc5 38. Nxc5 Bg4 39. Rd1 a5 40.
d7 Rd8 41. Rd6 Ke7 42. Rxc6 Rb8 43. b3 Rb4+ 44. Ke3 Rb8 45. Ra6 Kd8 46. Kd4 Kc7
47. Rxf6 Rb4+ 48. Kc3 Rb8 49. Na6+ Kxd7 50. Nxb8+ Ke7 51. Rb6 Kd8 52. Rb5 Kc7
53. Rxa5 Kxb8 54. Rg5 Kc7 55. Kd4 Kd6 56. Ke4 Bh3 57. Kxf3 Ke6 58. Rxh5 Kf6 59.
Rc5 Ke6 60. Kf4 Kd6 61. Rg5 Bf1 62. h5 Ke6 63. h6 Kf6 64. h7 Bd3 65. h8=Q+ Kf7
66. Qh6 Bc2 67. Rg7+ Kf8 68. Qh8# {Normal} 1-0